[Event "2.Open B Città di Padova Elo <1900"]
[Site "Padova Caffè Pedrocchi"]
[Date "1999.12.12"]
[Round "2.25"]
[White "Marigo, Narciso"]
[Black "Moschini, Costantino"]
[Result "1-0"]
[WhiteElo "1735"]
[BlackElo "1513"]
[Annotator "Gabriele Ballarin"]
[PlyCount "87"]
[EventDate "1999.12.11"]
[EventType "swiss"]
[EventRounds "6"]
[EventCountry "ITA"]
[SourceTitle "Ballarin Gabriele"]
[Source "Ballarin Gabrie"]
[SourceDate "2001.01.01"]
[SourceVersion "1"]
[SourceVersionDate "2001.01.01"]
[SourceQuality "1"]

1. d4 Nf6 2. Nf3 g6 3. Bf4 Bg7 4. h3 d6 5. e3 c6 6. Bc4 Bf5 7. c3 b5 8. Bb3 Nbd7 9. Nbd2 Nb6 10. O-O h6 11. Re1 g5 12. Bh2 Ne4 13. Nxe4 Bxe4 14. Nd2 Bg6 15. e4 e5 16. Nf3 Qe7 17. Qe2 a6 18. Rad1 O-O 19. Rd2 Rad8 20. Red1 Rd7 21. Qe3 exd4 22. Nxd4 Qxe4 23. Qxe4 Bxe4 24. f3 Bxd4+ 25. Rxd4 Bd5 26. Bc2 Nc4 27. Bf5 Rdd8 28. Re1 Nxb2 29. h4 Nc4 30. hxg5 hxg5 31. Rg4 f6 32. Re7 Rf7 33. Re1 Kf8 34. Rg3 Re8 35. Rxe8+ Kxe8 36. Bg6 Ne3 37. Rh3 Ke7 38. Bxf7 Bxf7 39. a3 Nd1 40. f4 Nxc3 41. Rxc3 c5 42. fxg5 fxg5 43. Kf2 c4 44. Ke3 1-0

[Event "2.Open B Città di Padova Elo <1900"]
[Site "Padova Caffè Pedrocchi"]
[Date "1999.12.12"]
[Round "2.26"]
[White "Balestra, Stefano"]
[Black "Litrico, Paolo"]
[Result "0-1"]
[WhiteElo "1500"]
[BlackElo "1684"]
[Annotator "Gabriele Ballarin"]
[PlyCount "78"]
[EventDate "1999.12.11"]
[EventType "swiss"]
[EventRounds "6"]
[EventCountry "ITA"]
[SourceTitle "Ballarin Gabriele"]
[Source "Ballarin Gabrie"]
[SourceDate "2001.01.01"]
[SourceVersion "1"]
[SourceVersionDate "2001.01.01"]
[SourceQuality "1"]

1. e4 d5 2. exd5 Qxd5 3. Nc3 Qa5 4. d4 Nf6 5. Bc4 c6 6. Nge2 Bg4 7. f3 Bf5 8. O-O e6 9. Ng3 Bg6 10. Nce4 Nbd7 11. c3 Be7 12. Bd2 O-O 13. Qe2 Nd5 14. Bb3 Qb6 15. Kh1 a5 16. Bc4 Qc7 17. a4 N7f6 18. Nxf6+ Bxf6 19. Ne4 Be7 20. Rae1 Rfd8 21. Bg5 Bxg5 22. Nxg5 Rab8 23. Nxe6 fxe6 24. Qxe6+ Bf7 25. Qe5 Qb6 26. Qe2 Re8 27. Qd2 Rxe1 28. Rxe1 Re8 29. Rxe8+ Bxe8 30. f4 Bf7 31. f5 Qc7 32. Bd3 Qe7 33. h3 Qe3 34. Qxe3 Nxe3 35. Be2 Nxf5 36. Kg1 Bd5 37. Kf2 Kf7 38. b4 axb4 39. cxb4 Nxd4 0-1

[Event "2.Open B Città di Padova Elo <1900"]
[Site "Padova Caffè Pedrocchi"]
[Date "1999.12.12"]
[Round "2.27"]
[White "Rigo, Gianfrancesco"]
[Black "Favale, Giuseppe"]
[Result "1-0"]
[WhiteElo "1873"]
[BlackElo "1500"]
[Annotator "Gabriele Ballarin"]
[PlyCount "29"]
[EventDate "1999.12.11"]
[EventType "swiss"]
[EventRounds "6"]
[EventCountry "ITA"]
[SourceTitle "Ballarin Gabriele"]
[Source "Ballarin Gabrie"]
[SourceDate "2001.01.01"]
[SourceVersion "1"]
[SourceVersionDate "2001.01.01"]
[SourceQuality "1"]

1. e4 e5 2. Nf3 Nc6 3. Bb5 Nf6 4. O-O d6 5. d4 Bd7 6. Nc3 a6 7. Bxc6 bxc6 8. dxe5 Ng8 9. exd6 cxd6 10. Bf4 Bg4 11. h3 Bxf3 12. Qxf3 g5 13. Bh2 Bg7 14. Rad1 Bxc3 15. Qxc3 1-0

[Event "2.Open B Città di Padova Elo <1900"]
[Site "Padova Caffè Pedrocchi"]
[Date "1999.12.12"]
[Round "2.28"]
[White "Giordan, Daniele"]
[Black "Roccaro, Giovanni"]
[Result "1-0"]
[WhiteElo "1500"]
[BlackElo "1630"]
[Annotator "Gabriele Ballarin"]
[PlyCount "107"]
[EventDate "1999.12.11"]
[EventType "swiss"]
[EventRounds "6"]
[EventCountry "ITA"]
[SourceTitle "Ballarin Gabriele"]
[Source "Ballarin Gabrie"]
[SourceDate "2001.01.01"]
[SourceVersion "1"]
[SourceVersionDate "2001.01.01"]
[SourceQuality "1"]

1. e4 c5 2. d4 cxd4 3. c3 g6 4. Nf3 d5 5. Qxd4 Nf6 6. e5 Nc6 7. Bb5 Ne4 8. Bxc6+ bxc6 9. e6 f6 10. Nbd2 Nxd2 11. Bxd2 Bxe6 12. O-O Qd6 13. Bf4 c5 14. Qd2 Qc6 15. b4 Bg4 16. h4 Bxf3 17. gxf3 Bg7 18. Rfe1 O-O 19. Rxe7 Rac8 20. Rae1 cxb4 21. cxb4 Rf7 22. Bh6 Bxh6 23. Qxh6 Rxe7 24. Rxe7 Qc1+ 25. Qxc1 Rxc1+ 26. Kg2 a6 27. Re6 Rb1 28. a3 d4 29. Rxa6 d3 30. Rd6 Rb3 31. Rxf6 Rxa3 32. b5 d2 33. Rd6 Rb3 34. b6 Rxb6 35. Rxd2 Rb7 36. Kg3 Kg7 37. f4 Re7 38. Rd5 Kf6 39. Kg4 h6 40. Rd6+ Kf7 41. f5 Re4+ 42. f4 h5+ 43. Kg5 gxf5 44. Kxf5 Re1 45. Kg5 Re6 46. Rxe6 Kxe6 47. Kg6 Ke7 48. Kxh5 Kf6 49. Kg4 Kg6 50. h5+ Kf6 51. f5 Kg7 52. Kg5 Kh7 53. f6 Kg8 54. h6 1-0

[Event "2.Open B Città di Padova Elo <1900"]
[Site "Padova Caffè Pedrocchi"]
[Date "1999.12.12"]
[Round "2.29"]
[White "Popovic, Dragan"]
[Black "Gobbato, Paolo"]
[Result "1-0"]
[WhiteElo "1665"]
[BlackElo "1500"]
[Annotator "Gabriele Ballarin"]
[PlyCount "47"]
[EventDate "1999.12.11"]
[EventType "swiss"]
[EventRounds "6"]
[EventCountry "ITA"]
[SourceTitle "Ballarin Gabriele"]
[Source "Ballarin Gabrie"]
[SourceDate "2001.01.01"]
[SourceVersion "1"]
[SourceVersionDate "2001.01.01"]
[SourceQuality "1"]

1. e4 c5 2. c3 e6 3. d4 cxd4 4. cxd4 a6 5. a4 Bb4+ 6. Nc3 d6 7. Nf3 Nf6 8. Bd3 O-O 9. O-O b6 10. Bg5 e5 11. dxe5 dxe5 12. Nxe5 Qd6 13. Nc4 Qe6 14. Bxf6 gxf6 15. Nd5 Bd6 16. Qh5 Be5 17. f4 Bd4+ 18. Kh1 f5 19. Nc7 Qc6 20. Nxa8 Bb7 21. Qxf5 Bc8 22. Rf3 Nd7 23. e5 Nb8 24. Qxh7# 1-0

[Event "2.Open B Città di Padova Elo <1900"]
[Site "Padova Caffè Pedrocchi"]
[Date "1999.12.12"]
[Round "2.30"]
[White "Molena, Paolo"]
[Black "Lovisetto, Giampaolo"]
[Result "1/2-1/2"]
[WhiteElo "1477"]
[BlackElo "1500"]
[Annotator "Gabriele Ballarin"]
[PlyCount "106"]
[EventDate "1999.12.11"]
[EventType "swiss"]
[EventRounds "6"]
[EventCountry "ITA"]
[SourceTitle "Ballarin Gabriele"]
[Source "Ballarin Gabrie"]
[SourceDate "2001.01.01"]
[SourceVersion "1"]
[SourceVersionDate "2001.01.01"]
[SourceQuality "1"]

1. e4 e6 2. d4 c5 3. d5 exd5 4. exd5 d6 5. Qe2+ Qe7 6. c4 Qxe2+ 7. Bxe2 Nf6 8. Nc3 a6 9. a4 Nbd7 10. Nf3 g6 11. O-O Bg7 12. Bf4 Ne5 13. Nxe5 dxe5 14. Bxe5 O-O 15. Bd6 Re8 16. Bxc5 b6 17. Bd4 Bb7 18. Bxb6 Nxd5 19. cxd5 Bxc3 20. bxc3 Rxe2 21. d6 Bc6 22. Rfe1 Rae8 23. Kf1 Rxe1+ 24. Rxe1 Rxe1+ 25. Kxe1 Bxa4 26. Kd2 Kf8 27. Ke3 Ke8 28. Kd4 Kd7 29. Kc5 Bc6 30. f3 Bb5 31. c4 Bc6 32. Bc7 h5 33. h4 f6 34. Kb6 g5 35. hxg5 fxg5 36. Kxa6 h4 37. c5 h3 38. gxh3 Bxf3 39. Ba5 Kc6 40. Bd8 g4 41. hxg4 Bxg4 42. Bb6 Bc8+ 43. Ka7 Bd7 44. Kb8 Be6 45. Ka7 Bd7 46. Ka6 Be6 47. Ka5 Bd7 48. Kb4 Be6 49. Kc3 Bd7 50. Kd4 Bh3 51. Ke5 Bg4 52. Kf6 Bh3 53. Ke7 Bg4 1/2-1/2

[Event "2.Open B Città di Padova Elo <1900"]
[Site "Padova Caffè Pedrocchi"]
[Date "1999.12.12"]
[Round "2.31"]
[White "Marangon, Matteo"]
[Black "Ballarin, Gabriele"]
[Result "0-1"]
[WhiteElo "1500"]
[BlackElo "1621"]
[Annotator "Gabriele Ballarin"]
[PlyCount "96"]
[EventDate "1999.12.11"]
[EventType "swiss"]
[EventRounds "6"]
[EventCountry "ITA"]
[SourceTitle "Ballarin Gabriele"]
[Source "Ballarin Gabrie"]
[SourceDate "2001.01.01"]
[SourceVersion "1"]
[SourceVersionDate "2001.01.01"]
[SourceQuality "1"]

1. e4 c5 2. Nf3 Nc6 3. d4 cxd4 4. Nxd4 e5 5. Nf3 Bb4+ 6. Bd2 Be7 7. Nc3 Nf6 8. Bc4 h6 9. O-O a6 10. Re1 d6 11. Qe2 Bg4 12. Be3 b5 13. Bb3 Na5 14. Bd5 Rc8 15. Rac1 Nc4 16. b3 Nxe3 17. Qxe3 Qc7 18. Nb1 O-O 19. Nbd2 Qc3 20. Qa7 Nxd5 21. exd5 Bxf3 22. Nxf3 Rc7 23. Qxa6 Qc5 24. Red1 Ra7 25. Qc6 Qxc6 26. dxc6 Rc8 27. Rd5 Rxc6 28. Rxb5 Rxa2 29. c4 f5 30. Ne1 Bg5 31. Rc2 Ra1 32. Kf1 Rb1 33. Ke2 Bc1 34. Nd3 Ba3 35. Ra2 Bc1 36. Nb4 Rc5 37. Rb8+ Kh7 38. Nd5 Rxc4 39. bxc4 Rxb8 40. h4 Rb2+ 41. Rxb2 Bxb2 42. Nb6 g5 43. hxg5 hxg5 44. Ke3 Bd4+ 45. Ke2 Bxb6 46. f3 Kh6 47. g3 Kh5 48. Kd3 Bf2 0-1

[Event "2.Open B Città di Padova Elo <1900"]
[Site "Padova Caffè Pedrocchi"]
[Date "1999.12.12"]
[Round "2.32"]
[White "Pomaro, Stefano"]
[Black "Musiani, Carlo"]
[Result "1-0"]
[WhiteElo "1611"]
[BlackElo "1500"]
[Annotator "Gabriele Ballarin"]
[PlyCount "71"]
[EventDate "1999.12.11"]
[EventType "swiss"]
[EventRounds "6"]
[EventCountry "ITA"]
[SourceTitle "Ballarin Gabriele"]
[Source "Ballarin Gabrie"]
[SourceDate "2001.01.01"]
[SourceVersion "1"]
[SourceVersionDate "2001.01.01"]
[SourceQuality "1"]

1. e4 c5 2. b4 e6 3. bxc5 Bxc5 4. d4 Bb6 5. Nf3 d5 6. e5 Nc6 7. c3 h6 8. Bd3 Nge7 9. Na3 Qc7 10. Nb5 Qd7 11. Nd6+ Kf8 12. Nh4 Bc7 13. Ba3 Ba5 14. O-O Bxc3 15. Qf3 Nf5 16. Ndxf5+ Bb4 17. Bxb4+ Nxb4 18. Nd6 Nxd3 19. Ng6+ Kg8 20. Nxh8 Kxh8 21. Qxd3 a5 22. Rac1 b6 23. Rc3 Ba6 24. Qf3 Bxf1 25. Kxf1 Rf8 26. Qd3 f6 27. Qc2 fxe5 28. dxe5 Qe7 29. Rc8 Rxc8 30. Qxc8+ Kh7 31. Qc2+ Kg8 32. g3 Qg5 33. f4 Qe7 34. Kg2 Qa7 35. Qc8+ Kh7 36. Qxe6 1-0

[Event "2.Open B Città di Padova Elo <1900"]
[Site "Padova Caffè Pedrocchi"]
[Date "1999.12.12"]
[Round "2.33"]
[White "Xhani, Bujar"]
[Black "Pastore, Mauro"]
[Result "1-0"]
[WhiteElo "1500"]
[BlackElo "1612"]
[Annotator "Gabriele Ballarin"]
[PlyCount "81"]
[EventDate "1999.12.11"]
[EventType "swiss"]
[EventRounds "6"]
[EventCountry "ITA"]
[SourceTitle "Ballarin Gabriele"]
[Source "Ballarin Gabrie"]
[SourceDate "2001.01.01"]
[SourceVersion "1"]
[SourceVersionDate "2001.01.01"]
[SourceQuality "1"]

1. c4 Nf6 2. Nf3 g6 3. g3 Bg7 4. Bg2 O-O 5. Nc3 d5 6. cxd5 Nxd5 7. O-O e5 8. d3 Nxc3 9. bxc3 e4 10. dxe4 Bxc3 11. Rb1 Nc6 12. Qc2 Nd4 13. Nxd4 Qxd4 14. Ba3 Re8 15. Rfd1 Qf6 16. Rbc1 Bd4 17. e3 Bb6 18. Bb2 Qe7 19. Qc3 f6 20. Qxf6 Qxf6 21. Bxf6 Be6 22. a3 c6 23. Rd3 Kf7 24. e5 Bd8 25. Bxd8 Raxd8 26. Rcd1 Rxd3 27. Rxd3 Ke7 28. f4 Rd8 29. Rxd8 Kxd8 30. Kf2 Kd7 31. Ke2 b6 32. Kd3 a5 33. Kc3 Kc7 34. h3 b5 35. g4 c5 36. Be4 b4+ 37. Kb2 c4 38. axb4 axb4 39. f5 Bf7 40. e6 Be8 41. f6 1-0

[Event "2.Open B Città di Padova Elo <1900"]
[Site "Padova Caffè Pedrocchi"]
[Date "1999.12.12"]
[Round "2.34"]
[White "Tessari, Gianni"]
[Black "Abuhamdieh, Arafat"]
[Result "0-1"]
[WhiteElo "1600"]
[BlackElo "1495"]
[Annotator "Gabriele Ballarin"]
[PlyCount "56"]
[EventDate "1999.12.11"]
[EventType "swiss"]
[EventRounds "6"]
[EventCountry "ITA"]
[SourceTitle "Ballarin Gabriele"]
[Source "Ballarin Gabrie"]
[SourceDate "2001.01.01"]
[SourceVersion "1"]
[SourceVersionDate "2001.01.01"]
[SourceQuality "1"]

1. e4 e5 2. Nf3 Nc6 3. Bc4 Nf6 4. O-O Be7 5. Re1 O-O 6. d4 exd4 7. e5 Ne8 8. Nxd4 Nxd4 9. Qxd4 b6 10. Bd5 c6 11. Be4 Ba6 12. Re3 Bc5 13. Bxh7+ Kxh7 14. Rh3+ Kg8 15. Qe4 f5 16. Qa4 Nc7 17. Nd2 Qe7 18. Nf3 Bb5 19. Qb3+ Qe6 20. Qc3 Nd5 21. Qd2 f4 22. b3 Ne3 23. c4 Qg4 24. fxe3 Bxe3+ 25. Qxe3 fxe3 26. cxb5 e2 27. bxc6 Qd4+ 28. Kh1 Qxa1 0-1

[Event "2.Open B Città di Padova Elo <1900"]
[Site "Padova Caffè Pedrocchi"]
[Date "1999.12.12"]
[Round "2.35"]
[White "Marcuzzo, Giorgio"]
[Black "Cecchetto, Vanni"]
[Result "0-1"]
[WhiteElo "1492"]
[BlackElo "1594"]
[Annotator "Gabriele Ballarin"]
[PlyCount "38"]
[EventDate "1999.12.11"]
[EventType "swiss"]
[EventRounds "6"]
[EventCountry "ITA"]
[SourceTitle "Ballarin Gabriele"]
[Source "Ballarin Gabrie"]
[SourceDate "2001.01.01"]
[SourceVersion "1"]
[SourceVersionDate "2001.01.01"]
[SourceQuality "1"]

1. e4 c5 2. Nc3 Nc6 3. f4 d6 4. Nf3 e6 5. g3 Be7 6. Bg2 h5 7. d3 h4 8. Nxh4 Bxh4 9. Qg4 e5 10. f5 Bf6 11. Nd5 Nh6 12. Qh5 Nb4 13. Nxf6+ gxf6 14. O-O Nxc2 15. Rb1 Ke7 16. g4 Nxf5 17. Qxh8 Qxh8 18. exf5 Rb8 19. g5 Nb4 0-1

[Event "2.Open B Città di Padova Elo <1900"]
[Site "Padova Caffè Pedrocchi"]
[Date "1999.12.12"]
[Round "2.36"]
[White "Broccardo, Nicola"]
[Black "Catti, Patrick"]
[Result "1-0"]
[WhiteElo "1579"]
[BlackElo "1491"]
[Annotator "Gabriele Ballarin"]
[PlyCount "83"]
[EventDate "1999.12.11"]
[EventType "swiss"]
[EventRounds "6"]
[EventCountry "ITA"]
[SourceTitle "Ballarin Gabriele"]
[Source "Ballarin Gabrie"]
[SourceDate "2001.01.01"]
[SourceVersion "1"]
[SourceVersionDate "2001.01.01"]
[SourceQuality "1"]

1. Nf3 d5 2. b3 Nf6 3. Bb2 Nc6 4. e3 a6 5. Bxf6 gxf6 6. d4 e5 7. Be2 e4 8. Nfd2 f5 9. c4 Be6 10. cxd5 Bxd5 11. Nc3 Bb4 12. Qc2 Rg8 13. g3 Qd6 14. Nxd5 Qxd5 15. Qc4 Qa5 16. Qc2 O-O-O 17. Rd1 Bc3 18. O-O f4 19. Nxe4 Bxd4 20. exd4 Nxd4 21. Rxd4 Rxd4 22. Nf6 Rgd8 23. Bg4+ Kb8 24. Rc1 Rd2 25. Qc4 Qb6 26. Qxf4 Ka7 27. Rxc7 Rxf2 28. Qxf2 Qxf2+ 29. Kxf2 Rd2+ 30. Be2 Rxa2 31. Nxh7 Ra3 32. b4 Kb6 33. Rxf7 Rc3 34. Ng5 Rb3 35. Bf3 Rb2+ 36. Ke3 Rxb4 37. Rxb7+ Ka5 38. Rxb4 Kxb4 39. Bd5 a5 40. Kd4 a4 41. h4 a3 42. h5 1-0

[Event "2.Open B Città di Padova Elo <1900"]
[Site "Padova Caffè Pedrocchi"]
[Date "1999.12.12"]
[Round "2.37"]
[White "Aguggiaro, Renzo"]
[Black "Bonetto, Giorgio"]
[Result "1-0"]
[WhiteElo "1489"]
[BlackElo "1567"]
[Annotator "Gabriele Ballarin"]
[PlyCount "100"]
[EventDate "1999.12.11"]
[EventType "swiss"]
[EventRounds "6"]
[EventCountry "ITA"]
[SourceTitle "Ballarin Gabriele"]
[Source "Ballarin Gabrie"]
[SourceDate "2001.01.01"]
[SourceVersion "1"]
[SourceVersionDate "2001.01.01"]
[SourceQuality "1"]

{[%evp 0,93,18,12,43,-7,-10,-3,21,39,32,25,24,21,25,31,75,29,30,26,14,18,0,-6,-15,4,7,-5,-8,-3,-3,-6,-17,-39,-36,-34,-31,-30,-37,-86,-86,-98,-98,-89,-86,-99,-87,-103,-88,-111,-83,-92,-67,-143,-143,-168,-91,-92,-48,-67,-97,-278,-105,-162,-163,-167,19,-100,-58,-112,-70,-73,-73,-56,-62,-143,-95,-96,-70,-132,-128,-127,-114,-124,-118,-121,-106,-102,-108,-110,-80,-132,-122,-118,-90,-95]} 1. d4 e6 2. c4 d5 3. Nc3 c6 4. e3 Nd7 5. Nf3 Ngf6 6. Qc2 Bd6 7. Bd3 b6 8. O-O Bb7 9. cxd5 cxd5 10. Nb5 Bb8 11. Bd2 a6 12. Nc3 Bd6 13. Rac1 Rc8 14. Qb1 h6 15. Ne2 Ne4 16. Ng3 Nxd2 17. Nxd2 Nf6 18. Nf3 O-O 19. Ne5 Bxe5 20. dxe5 Ng4 21. Be2 Nxe5 22. b3 Qh4 23. Qb2 Qf6 24. Qa3 b5 25. Qd6 Nc6 26. Rc2 Rfd8 27. Qa3 Rc7 28. Rfc1 Rdc8 29. h3 Qd8 30. Nh5 g6 31. Nf4 e5 32. Nd3 Qe7 33. Qb2 f6 34. Rc5 Nd8 35. b4 Ne6 36. Rxc7 Rxc7 37. Kf1 Rxc1+ 38. Qxc1 Qc7 39. a3 Qxc1+ 40. Nxc1 Kf7 41. Nb3 Ke7 42. Bf3 e4 43. Be2 Kd6 44. Ke1 f5 45. Na5 Bc8 46. Kd2 f4 47. Nb3 Bb7 48. Nd4 Bc8 49. Nb3 fxe3+ 50. fxe3 Ng5 {Nur} 1-0

[Event "2.Open B Città di Padova Elo <1900"]
[Site "Padova Caffè Pedrocchi"]
[Date "1999.12.12"]
[Round "2.38"]
[White "Sedani, Elisa"]
[Black "Salata, Alessio"]
[Result "0-1"]
[WhiteElo "1479"]
[BlackElo "1558"]
[Annotator "Gabriele Ballarin"]
[PlyCount "98"]
[EventDate "1999.12.11"]
[EventType "swiss"]
[EventRounds "6"]
[EventCountry "ITA"]
[SourceTitle "Ballarin Gabriele"]
[Source "Ballarin Gabrie"]
[SourceDate "2001.01.01"]
[SourceVersion "1"]
[SourceVersionDate "2001.01.01"]
[SourceQuality "1"]

1. e4 c5 2. Nf3 Nc6 3. d4 cxd4 4. Nxd4 d6 5. Nc3 Nf6 6. Be2 g6 7. O-O Bg7 8. Nb3 O-O 9. Kh1 a6 10. Nd2 b5 11. a3 Bb7 12. f4 Qd7 13. Bd3 Rac8 14. Nf3 e6 15. Rb1 Qc7 16. Ne2 Nd7 17. Ng3 Nc5 18. Be2 b4 19. f5 bxa3 20. bxa3 Ne5 21. Bb2 Ng4 22. Qd2 Bxe4 23. f6 Nxf6 24. Ng5 Bf5 25. Nxf5 exf5 26. Qf4 Ne6 27. Qh4 Nxg5 28. Qxg5 Ne4 29. Qh4 Bxb2 30. Rxb2 Qa7 31. Rf3 Qd4 32. Rb1 Rb8 33. Rd1 Qe5 34. Rh3 Qg7 35. Bd3 g5 36. Qe1 d5 37. Bxa6 Rfe8 38. Qf1 Nc3 39. Rc1 Qf6 40. Bd3 Ne4 41. Rf3 Re5 42. g4 f4 43. Qd1 Kg7 44. a4 Nc3 45. Qg1 Rbe8 46. a5 Ne2 47. Bxe2 Rxe2 48. Ra3 Qc6 49. Ra2 d4+ 0-1

[Event "2.Open B Città di Padova Elo <1900"]
[Site "Padova Caffè Pedrocchi"]
[Date "1999.12.12"]
[Round "2.39"]
[White "Verdi, Ruben"]
[Black "Quaranta, Cristiano"]
[Result "1-0"]
[WhiteElo "1464"]
[BlackElo "1552"]
[Annotator "Gabriele Ballarin"]
[PlyCount "144"]
[EventDate "1999.12.11"]
[EventType "swiss"]
[EventRounds "6"]
[EventCountry "ITA"]
[SourceTitle "Ballarin Gabriele"]
[Source "Ballarin Gabrie"]
[SourceDate "2001.01.01"]
[SourceVersion "1"]
[SourceVersionDate "2001.01.01"]
[SourceQuality "1"]

{[%evp 0,138,18,27,56,56,56,29,35,47,84,9,27,39,32,32,34,25,29,26,38,55,59,32,56,3,8,-74,-75,-119,-52,-52,-22,-66,-41,-43,-53,-45,-45,-60,-32,-16,-16,-20,4,-96,-15,-9,-11,-15,-23,-4,17,15,15,0,374,362,581,588,895,927,936,421,433,445,441,448,451,447,458,454,476,444,446,457,493,447,457,466,455,469,469,452,450,450,457,457,458,454,453,451,479,449,460,456,540,593,627,353,366,339,389,393,1028,400,642,659,660,668,673,667,688,667,750,745,799,803,823,831,845,852,856,861,889,906,943,708,781,790,854,819,1193,858,882,913,1012,906,972,996,990]} 1. e4 c5 2. Nf3 e6 3. d4 cxd4 4. Nxd4 a6 5. c4 Nf6 6. Nc3 Qc7 7. Be2 Bb4 8. f3 O-O 9. O-O Nc6 10. Be3 Ne5 11. Qb3 Bc5 12. f4 Neg4 13. Bxg4 Nxg4 14. Nce2 Nxe3 15. Qxe3 Qb6 16. b3 d6 17. e5 Rd8 18. Rad1 Bd7 19. Kh1 dxe5 20. fxe5 Bc6 21. Qf4 Rd7 22. Nxe6 Bxg2+ 23. Kxg2 Qxe6 24. Nc3 Qg6+ 25. Kh1 Rad8 26. Nd5 b5 27. Rd2 Bb4 28. Rg2 Bd2 29. Qxd2 Qc6 30. Qg5 g6 31. Qh6 Rxd5 32. cxd5 Qxd5 33. Qe3 Re8 34. Re1 Qe6 35. Rge2 Kg7 36. Kg1 Re7 37. Qg5 Kg8 38. Qf6 Qg4+ 39. Kh1 Re6 40. Qd8+ Kg7 41. Qc7 Qf3+ 42. Kg1 Qg4+ 43. Kf1 Qh3+ 44. Kg1 Qg4+ 45. Rg2 Qd4+ 46. Kh1 Qh4 47. Rf1 Re7 48. Qd8 Qb4 49. Rgf2 Qe4+ 50. Rf3 Qxe5 51. Qb6 Qd5 52. Qxa6 Re3 53. Qf6+ Kg8 54. Qxf7+ Qxf7 55. Rxf7 Re2 56. Rb7 Re5 57. Rff7 b4 58. Rg7+ Kf8 59. Rxh7 Kg8 60. Rhg7+ Kf8 61. Rxg6 Re4 62. Rb8+ Kf7 63. Rg3 Rh4 64. Rb6 Rf4 65. Rd3 Re4 66. Rdd6 Ke7 67. Rh6 Kd7 68. Rb7+ Kc8 69. Rbh7 Rd4 70. Re7 Kd8 71. Ra7 Rd7 72. Rxd7+ Kxd7 1-0

[Event "2.Open B Città di Padova Elo <1900"]
[Site "Padova Caffè Pedrocchi"]
[Date "1999.12.12"]
[Round "2.40"]
[White "Stiz, Massimiliano"]
[Black "Ciech, Elio"]
[Result "1-0"]
[WhiteElo "1567"]
[BlackElo "1462"]
[Annotator "Gabriele Ballarin"]
[PlyCount "123"]
[EventDate "1999.12.11"]
[EventType "swiss"]
[EventRounds "6"]
[EventCountry "ITA"]
[SourceTitle "Ballarin Gabriele"]
[Source "Ballarin Gabrie"]
[SourceDate "2001.01.01"]
[SourceVersion "1"]
[SourceVersionDate "2001.01.01"]
[SourceQuality "1"]

1. e4 c5 2. Nf3 Nc6 3. d4 cxd4 4. Nxd4 Nf6 5. Nc3 e6 6. Nxc6 bxc6 7. Bd3 Be7 8. O-O h6 9. Kh1 e5 10. Qf3 d6 11. h3 Be6 12. Qe2 O-O 13. f4 exf4 14. Bxf4 Re8 15. Qf3 Qa5 16. Rae1 Qh5 17. Qg3 Kh8 18. Bxd6 Nh7 19. Bxe7 Rxe7 20. Ne2 Rae8 21. Nf4 Qg5 22. Qxg5 Nxg5 23. Nxe6 Rxe6 24. Rf4 f6 25. Kg1 Re5 26. h4 Nh7 27. Kf2 g6 28. b4 Kg7 29. a4 Nf8 30. b5 Ne6 31. Rg4 h5 32. Rg3 cxb5 33. axb5 Nd4 34. c4 Kh6 35. Ra1 R8e7 36. Ra6 Ne6 37. Rf3 Rf7 38. Ke3 f5 39. Rf1 f4+ 40. Kd2 Nc5 41. Rc6 Nxe4+ 42. Kc2 Kg7 43. Re1 Rfe7 44. Rxe4 Rxe4 45. Bxe4 Rxe4 46. Rc7+ Kf6 47. Kd3 Re3+ 48. Kd2 Ra3 49. Rc6+ Kf5 50. Ra6 Rxa6 51. bxa6 Kg4 52. c5 Kxh4 53. c6 g5 54. Ke2 Kg3 55. Kf1 f3 56. gxf3 Kxf3 57. c7 h4 58. c8=Q g4 59. Qb7+ Kf4 60. Qxa7 h3 61. Qf2+ Kg5 62. a7 1-0

[Event "2.Open B Città di Padova Elo <1900"]
[Site "Padova Caffè Pedrocchi"]
[Date "1999.12.12"]
[Round "2.41"]
[White "Sanavio, Giancarlo"]
[Black "Alburno, Franco"]
[Result "1-0"]
[WhiteElo "1522"]
[BlackElo "1438"]
[Annotator "Gabriele Ballarin"]
[PlyCount "69"]
[EventDate "1999.12.11"]
[EventType "swiss"]
[EventRounds "6"]
[EventCountry "ITA"]
[SourceTitle "Ballarin Gabriele"]
[Source "Ballarin Gabrie"]
[SourceDate "2001.01.01"]
[SourceVersion "1"]
[SourceVersionDate "2001.01.01"]
[SourceQuality "1"]

1. Nf3 Nf6 2. c4 e6 3. g3 d5 4. Bg2 c6 5. b3 Nbd7 6. O-O Bd6 7. Bb2 e5 8. d4 e4 9. Ne5 Qe7 10. f4 exf3 11. exf3 O-O 12. Re1 Re8 13. Nc3 Qd8 14. f4 Nf8 15. cxd5 c5 16. dxc5 Bxc5+ 17. Kh1 N6d7 18. Ne4 Bb4 19. Rf1 f6 20. Nd3 Ba5 21. b4 Bc7 22. d6 Bb6 23. Qb3+ Kh8 24. f5 Ne5 25. Rad1 Bd7 26. Ng5 fxg5 27. Nxe5 Rxe5 28. Bxe5 Bc6 29. f6 gxf6 30. Bxf6+ Qxf6 31. Rxf6 Nd7 32. Rf7 Ne5 33. Qc3 Rc8 34. Bxc6 bxc6 35. d7 1-0

[Event "2.Open B Città di Padova Elo <1900"]
[Site "Padova Caffè Pedrocchi"]
[Date "1999.12.12"]
[Round "2.42"]
[White "Roberti, Ignazio"]
[Black "Crestani, Federico"]
[Result "1-0"]
[WhiteElo "1610"]
[BlackElo "1522"]
[Annotator "Gabriele Ballarin"]
[PlyCount "119"]
[EventDate "1999.12.11"]
[EventType "swiss"]
[EventRounds "6"]
[EventCountry "ITA"]
[SourceTitle "Ballarin Gabriele"]
[Source "Ballarin Gabrie"]
[SourceDate "2001.01.01"]
[SourceVersion "1"]
[SourceVersionDate "2001.01.01"]
[SourceQuality "1"]

1. e4 e6 2. d4 d5 3. Nd2 c5 4. exd5 Qxd5 5. Nb3 c4 6. Nd2 b5 7. Be2 Bb7 8. Bf3 Qd7 9. c3 Bd5 10. Ne2 Bxf3 11. Nxf3 Nc6 12. Bf4 Nf6 13. O-O Be7 14. Re1 O-O 15. Ne5 Qd5 16. Ng3 Nxe5 17. Bxe5 Rfd8 18. Qe2 Rac8 19. Rad1 Rd7 20. Ne4 Nxe4 21. Qxe4 Qxe4 22. Rxe4 f6 23. Bg3 e5 24. Rde1 Rcd8 25. dxe5 Rd2 26. h3 Rxb2 27. R4e2 Rdd2 28. Rxd2 Rxd2 29. Rb1 a6 30. a4 b4 31. cxb4 c3 32. Bf4 c2 33. Rc1 Rd1+ 34. Kh2 fxe5 35. Be3 Rxc1 36. Bxc1 Kf7 37. b5 axb5 38. axb5 Bc5 39. Kg3 Ke6 40. Kf3 Kd5 41. Ke2 Kc4 42. f3 Kb3 43. Kd3 Bd4 44. f4 Bb2 45. b6 Bxc1 46. b7 Ba3 47. b8=Q+ Bb4 48. Qc7 e4+ 49. Kd4 Kb2 50. Qc4 c1=Q 51. Qxb4+ Ka1 52. Qc3+ Qxc3+ 53. Kxc3 Kb1 54. Kd4 Kc2 55. Kxe4 Kc3 56. g4 Kc4 57. g5 Kc5 58. Ke5 Kc6 59. Ke6 Kc7 60. Kf7 1-0